LEADER 00504nab a2200133 i 4500 001 000000327963 003 CaOOAMICUS 005 20180831173551.0 008 180831n it uu u0 0ita r 013 $a39561 040 $aSeMil$bita 245 10$aBiennio Teologico. Riscoprire il volto di Dio. - In [rubrica] :$bNotizie dai Seminari. 773 0 $t[MAGGIO 1998]. - 32 p.$gp.19$w()290629 996 $6245$aBiennio Teologico. Riscoprire il volto di Dio. - In [rubrica] :$bNotizie dai Seminari.$9(OLS)http://semarc/title/416566 LEADER 00886naa a2200181 i 4500 001 000000306575 003 CaOOAMICUS 005 20180831172859.0 008 180831n it u000 u ita u 013 $a15099 040 $aSeMil$bita 100 1 $aDell'Agli, Nello <1960- >.$0(OLS)http://semarc/name/77202 245 10$a"Lectio divina" e "Lectio" umana: verso un nuovo modello di accompagnamento spirituale. 650 4$aDiscernimento spirituale.$0(OLS)http://semarc/subject/1384 650 4$aLectio divina.$0(OLS)http://semarc/subject/2808 650 4$aAccompagnamento spirituale.$0(OLS)http://semarc/subject/6270 773 0 $tIn charitate pax.$dPalermo : Pontificia Facoltą Teologica di Sicilia «San Giovanni Evangelista», 1999.$gp.511-534$w()115552 996 $6245$a"Lectio divina" e "Lectio" umana: verso un nuovo modello di accompagnamento spirituale$9(OLS)http://semarc/title/381981